Management of Nursing Services & Edcation (Record no. 1609)

MARC details
000 -LEADER
Fixed length control field 00547nam a2200205Ia 4500
003 - CONTROL NUMBER IDENTIFIER
Control field IIN
005 - DATE AND TIME OF LATEST TRANSACTION
Control field 20240122154556.0
008 - FIXED-LENGTH DATA ELEMENTS--GENERAL INFORMATION
Fixed length control field 231217s9999 xx 000 0 und d
020 ## - INTERNATIONAL STANDARD BOOK NUMBER / ISBN
Price Rs.795.00
International Standard Book Number 9788131257081
040 ## - CATALOGING SOURCE
Original cataloging agency IIN
Language of cataloging English
082 ## - DEWEY DECIMAL CLASSIFICATION NUMBER
Classification number 610.730711
Book Number CLE
100 1# - MAIN ENTRY--PERSONAL NAME
Personal name Clement, I
245 1# - TITLE STATEMENT
Title Management of Nursing Services & Edcation
Statement of responsibility I. Clement
250 ## - EDITION STATEMENT
Edition statement .-3rd ed
260 ## - IMPRINT
Name of publisher Elsevier
Place of publication New Delhi
Date of publication 2021
300 ## - PHYSICAL DESCRIPTION
Page / Vol. No xi, 720p.
650 1# - SUBJECT ADDED ENTRY--TOPICAL TERM
Topical term Management
Form subdivision Nursing Services
650 1# - SUBJECT ADDED ENTRY--TOPICAL TERM
Topical term Edcation in
Form subdivision Nursing
942 ## - ADDED ENTRY ELEMENTS (KOHA)
Koha item type Books
Holdings
Withdrawn status Lost status Damaged status Not for loan Collection code Home library Current library Date acquired Price Total Checkouts Call number Accession number Date last seen Price effective from Koha item type
          IDEAL INSTITUTE OF NURSING IDEAL INSTITUTE OF NURSING 17/12/2023 795.00   610.730711 CLE 1603 17/12/2023 17/12/2023 Books
          IDEAL INSTITUTE OF NURSING IDEAL INSTITUTE OF NURSING 17/12/2023 795.00   610.730711 CLE 1604 17/12/2023 17/12/2023 Books
          IDEAL INSTITUTE OF NURSING IDEAL INSTITUTE OF NURSING 17/12/2023 795.00   610.730711 CLE 1605 17/12/2023 17/12/2023 Books
© Ideal Institute Of Nursing, All rights reserved.         Powered by Koha